000 00885nam a2200301Ia 4500
003 OSt
005 20221006160106.0
006 a|||||r|||| 00| 0
007 ta
008 221006b |||||||| |||| 00| 0 eng d
020 _a9780275983079
_c
_46.95
024 _a44,261
037 _bGift, KCC (Window on Korea)
_cTextual
040 _aEASL
_cEASL
_beng
041 _2eng
_aeng
082 _aV495.P1, P5
100 _aOlsen Edward A.
_9118061
245 0 _aKorea
_b The divided nation
260 _aWestport
_bPrager Security International
_c2005
300 _a195p.
_ccm.
490 _v KEL
650 _a KEL
650 _a Korea - south -history
_9647345
650 _a Korea North - history
_9647344
650 _aKorea- history
_9474030
942 _hV495.P1, P5
_cTEXL
_2CC
999 _c1112353
_d1112353